00473nam a2200193 a 4500001001300000003000900013005001700022008004100039020000800080082001300088100001900101245002800120260003500148300000900183500003500192505001000227650002300237700001900260nice12345678IN_TiNIC20260116011503.0050524s1958 newa grp 000 0 eng  ac000a190bKAN aKant, Immanuel aCritique of Pure Reason aNew YorkbModern Libraryc1958 a335p aincludes index and biblioraphy2 aIndex aPhilosophy-Western1 aKant, Immanuel